F1 Longest Distance Raced - Statistics

General Stats
  • This quiz has been taken 7 times
  • The average score is 12 of 20
Answer Stats
Distance (KM) Country Driver % Correct
116 245 Spain Fernando Alonso
100%
109 986 UK Lewis Hamilton
100%
64 850 Netherlands Max Verstappen
100%
81 195 Germany Michael Schumacher
100%
79 497 Mexico Sergio Perez
100%
71 417 Australia Daniel Ricciardo
80%
92 599 Finland Kimi Räikkönen
80%
52 601 Canada Lance Stroll
80%
82 891 Germany Sebastian Vettel
80%
70 663 Finland Valtteri Bottas
80%
62 708 Spain Carlos Sainz
60%
59 734 UK David Coulthard
60%
80 835 UK Jenson Button
60%
67 557 Germany Nico Hulkenberg
60%
56 072 Germany Nico Rosberg
60%
74 310 Brazil Felipe Massa
20%
54 495 Australia Mark Webber
20%
55 685 Italy Giancarlo Fisichella
0%
60 388 Italy Jarno Trulli
0%
80 591 Brazil Rubens Barichello
0%
No matching quizzes found
Score Distribution
Percent of People with Each Score
Percentile by Number Answered
Your Score History
You have not taken this quiz